| 000 | 01347nam a2200241 a 4500 | ||
|---|---|---|---|
| 001 | 000035515 | ||
| 005 | 20200930074411.0 | ||
| 008 | 111102m19601966mx 000 0 spa d | ||
| 040 |
_aDO-SdBNP _bspa _cBNPHU |
||
| 082 |
_a109 _bH673f |
||
| 245 | 0 | 0 |
_aHistoria de la filosofía / _cRedacción general de M. A. Dynnik ... [et. al.] ; traducción José Lain y Adolfo Sánchez Vázquez. |
| 260 |
_aMéxico : _bGrijalbo, _c1960-. |
||
| 300 |
_av. ; _c22 cm. |
||
| 500 | _aA la cabeza del título : Academia de Ciencias de la URSS. Instituto de Filosofía. | ||
| 500 | _aLa biblioteca posee los volúmenes I-III-IV-V-VI | ||
| 505 | 0 |
_av. 1. De la antigüedad a comienzos del siglo XIX -- _gv. 2. De la revolución burguesa de Francia de 1789 al nacimiento del marxismo -- _gv. 3. Desde el nacimiento del marxismo hasta finales del siglo XIX -- _gv. 4. Segunda mitad del siglo XIX -- _gv. 5. Desde finales del siglo XIX hasta la Revolución Socialista de octubre de 1917 -- _gv. 6. Desde la Revolución Socialista de octubre de 1917 hasta nuestros días. |
|
| 590 | _aPerteneció a la biblioteca personal de Juan Isidro Jimenes Grullón | ||
| 650 | 4 |
_aFilosofía _xHistoria _9528 |
|
| 700 | 1 | 2 |
_aDynnik, M. A. _947846 |
| 700 | 1 | 2 |
_aLain. José, _etr. _947847 |
| 700 | 1 | 2 |
_aSánchez Vázquez, Adolfo, _etr. _95417 |
| 910 | _aValidado. Control de calidad MFF | ||
| 999 |
_c35006 _d35006 |
||